01346nam a2200325Ia 4500001001200000003000800012006001900020007001500039008004100054010001700095020003500112020003500147040002100182035002100203050002300224082001700247100002300264245011900287260007100406300003000477504005100507533015200558650003400710650004100744650004600785655002900831710001700860856012600877999001701003ebr10078457CaPaEBRm u cr cn|||||||||040107s2005 njuab sb 001 0 eng d z 2004000306 z0813534690 (pbk. : alk. paper) z0813534682 (hbk. : alk. paper) aCaPaEBRcCaPaEBR a(OCoLC)61498440314aGN285b.H65 2005eb04a930/.0912221 aHoffecker, John F.12aA prehistory of the northh[electronic resource] :bhuman settlement of the higher latitudes /cJohn F. Hoffecker. aNew Brunswick, N.J. ;aLondon :bRutgers University Press,cc2005. axv, 225 p. :bill., maps. aIncludes bibliographical references and index. aElectronic reproduction.bPalo Alto, Calif. :cebrary,d2005.nAvailable via World Wide Web.nAccess may be limited to ebrary affiliated libraries. 0aNeanderthalszArctic regions. 0aPrehistoric peopleszArctic regions. 0aHuman beingszArctic regionsxMigrations. 7aElectronic books.2local2 aebrary, Inc.40uhttp://site.ebrary.com/lib/rucke/Doc?id=10078457zAn electronic book accessible through the World Wide Web; click to view c75002d75002